Kestrana's General Knowledge Quiz #1 - Statistics

General Stats
  • This quiz has been taken 9,619 times
    9,608 since last reset
  • The average score is 13 of 20
Answer Stats
Question Answer % Correct
What organ in the human body detoxifies blood and makes bile? Liver
93%
What animal comes in Mako, Tiger, and Whale varieties? Shark
89%
What word ending in "-fy" means to make easier or less complex? Simplify
89%
What American city is famous for its cable cars? San Francisco
84%
What ancient civilization's capital sat on an island in Lake Texcoco? Aztec
74%
What country was led by Nicolas Sarkozy from 2007-2012? France
73%
What is the capital of Oz? {Emerald} City
72%
What's the tallest mountain in North America? Denali
71%
What guitarist played "The Star Spangled Banner" at Woodstock? Jimi Hendrix
71%
In which Shakespearean play do four lovers get caught in the schemes of the mischievous Puck? A Midsummer Night's Dream
64%
What teen heartthrob starred in "High School Musical", "17 Again", and "Hairspray"? Zac Efron
59%
What are Shandong, Kamchatka, and Crimea? Peninsulas
57%
Who became the first U.S. ambassador (envoy) to France, in 1776? Benjamin Franklin
54%
What 1967 Middle Eastern conflict over the Golan Heights lasted less than a week? {Six}-{Day} War
54%
Which Horseman of the Apocalypse rides a pale horse? Death
53%
What June 1942 battle is considered the turning point of WWII's Pacific theater? Battle of Midway
50%
In what country is Ernest Hemingway's novel "The Old Man and the Sea" set? Cuba
45%
Who was nominated for an Academy award for portraying Facebook founder Mark Zuckerberg in "The Social Network"? Jesse Eisenberg
43%
What art technique is famously used in the painting "Sunday on the Island of La Grande Jatte"? {Point}illism
43%
What sci-fi author formulated the Three Laws of Robotics? Isaac Asimov
41%
No matching quizzes found
Score Distribution
Percent of People with Each Score
Percentile by Number Answered
Your Score History
You have not taken this quiz since the last reset